000 nam a22 a 4500
999 _c1527
_d1527
003 AKMAL
005 20170509165209.0
008 170509s1999 my 00 may d
020 _a967978696X (kkt.):
_cRM 18.00
039 9 _a200709281224
_brfid1
040 _aAKMAL
_cAKMAL
043 _aa-my---
049 0 0 _aklpmal
082 0 4 _a306.856 ROH
090 0 0 _a306.856
_bROH
090 2 0 _a306.856
_bROH
100 0 _aRohaty Mohd. Majzub,
_d1947-
_93052
245 1 0 _aIbu tunggal :
_bmenelusuri rintangan hidup dengan keyakinan /
_cRohaty Mohd. Majzub, Muhammad Rais Abdul Karim
260 _aSubang Jaya :
_bPelanduk Publications,
_c1999
300 0 0 _a123ms. :
_bil. ;
_c22cm
504 _aBibliografi: ms. 117-118
650 0 _aParenting
_zMalaysia
_93053
650 0 _aSingle parents
_zMalaysia
_93054
650 0 _aSingle-parent family
_zMalaysia
_93055
650 0 _aSingle women
_xConduct of life
_93056
700 0 _aMuhammad Rais Abdul Karim
_93057
942 _2ddc
_cBOOK